Elements of parallel computing (Record no. 705)

MARC details
000 -LEADER
Fixed length control field 00425nam a2200169 4500
003 - CONTROL NUMBER IDENTIFIER
Control field SEACOMEC
005 - DATE AND TIME OF LATEST TRANSACTION
Control field 20240227125741.0
008 - FIXED-LENGTH DATA ELEMENTS--GENERAL INFORMATION
Fixed length control field 240227b |||||||| |||| 00| 0 eng d
020 ## - INTERNATIONAL STANDARD BOOK NUMBER / ISBN
Price Rs.79.00
040 ## - CATALOGING SOURCE
Original cataloging agency SEACOMEC
082 ## - DEWEY DECIMAL CLASSIFICATION NUMBER
Classification number 004.35
Book Number R161
100 ## - MAIN ENTRY--PERSONAL NAME
Personal name Rajaraman,V.
245 1# - TITLE STATEMENT
Title Elements of parallel computing
Statement of responsibility V. Rajaraman
260 ## - IMPRINT
Place of publication New Delhi
Name of publisher Prentice Hall
Date of publication 2004
650 ## - SUBJECT ADDED ENTRY--TOPICAL TERM
Topical term Computer science,
942 ## - ADDED ENTRY ELEMENTS (KOHA)
Koha item type Books
Holdings
Withdrawn status Lost status Source of classification Damaged status Not for loan Home library Current library Date acquired Total Checkouts Call number Accession number Date last seen Price effective from Koha item type Copy number
    Dewey Decimal Classification     SEACOM ENGINEERING COLLEGE SEACOM ENGINEERING COLLEGE 09/06/2006   004.35 R161 03044 27/02/2024 27/02/2024 Books  
    Dewey Decimal Classification     SEACOM ENGINEERING COLLEGE SEACOM ENGINEERING COLLEGE 31/05/2024   004.35 R161 5536 31/05/2024 31/05/2024 Books 1
    Dewey Decimal Classification     SEACOM ENGINEERING COLLEGE SEACOM ENGINEERING COLLEGE 07/03/2007   004.35 R161 6308 13/07/2024 13/07/2024 Books 2
    Dewey Decimal Classification     SEACOM ENGINEERING COLLEGE SEACOM ENGINEERING COLLEGE 07/03/2007   004.35 R161 6309 13/07/2024 13/07/2024 Books 3
    Dewey Decimal Classification     SEACOM ENGINEERING COLLEGE SEACOM ENGINEERING COLLEGE 07/03/2007   004.35 R161 6310 13/07/2024 13/07/2024 Books 4
    Dewey Decimal Classification     SEACOM ENGINEERING COLLEGE SEACOM ENGINEERING COLLEGE 07/03/2007   004.35 R161 6311 13/07/2024 13/07/2024 Books 5
    Dewey Decimal Classification     SEACOM ENGINEERING COLLEGE SEACOM ENGINEERING COLLEGE 07/03/2007   004.35 R161 6312 13/07/2024 13/07/2024 Books 6
© Seacom Engineering College, All rights reserved.      Powered by Koha